| 000 | 00612nam a22001697a 4500 | ||
|---|---|---|---|
| 003 | OSt | ||
| 005 | 20260407100244.0 | ||
| 008 | 260407b |||||||| |||| 00| 0 eng d | ||
| 040 | _cMRSPTU | ||
| 041 | _aEnglish | ||
| 100 | _aPreet Amol Singh, Supervisor: Ashish Baldi | ||
| 245 | _aAgroclimatic, Economic and Good Agricultural Practices Adoption Feasibility Studies on Selected Medicinal Plants of Punjab | ||
| 260 |
_bDepartment of Pharmacy, MRSPTU, Bathinda _c2021 |
||
| 650 | _aPharmaceutical Sciences and Technology | ||
| 856 | _uhttp://163.47.215.52:8080/jspui/handle/123456789/491 | ||
| 942 |
_2ddc _cTH _n0 |
||
| 999 |
_c11314 _d11314 |
||